000 00740nam a2200217Ii 4500
003 JO-AjNU
008 230605s9999||||xx |||||||||||||| ||und||
040 _aJO-AjNU
_bara
_erda
_cJO-AjNU
041 _aara
050 1 4 _aBP173.759 2013
100 3 _aالعبيدي، إبراهيم عبد اللطيف,
_eauthor
_948474
245 0 0 _aمن آداب البيع في الإسلام
250 _aط1
264 3 1 _aدبي: دائرة الشؤون الإسلامية والعمل الخيري، 2013
300 _a31ص
336 _atext
_btxt
_2rdacontent
337 _aunmediated
_bn
_2rdamedia
338 _avolume
_bnc
_2rdacarrier
490 0 _aسلسلة من فقه السوق 1
650 4 _aالبيع- فقه اسلامي
_948475
999 _aA21231
_c24799
_d24799